000 00407nam a2200169Ia 4500
008 210210b2009 xxu||||| |||| 00| 0 eng d
041 _aeng
082 _aT894.8 DEVV
100 _aDEVU SHETTI
245 _aVaidyasAra
260 _aUjire
_bVishva Tulu SammeLano 2009
_c2009
300 _axviii,102
650 _aVaidyasAra
690 _aTulu Miscellaneous
700 _aMABU SHETTI
906 _a064577
999 _c142924
_d142924